000 01533cam a2200361 a 4500
001 EDZ0000067593
003 StDuBDS
005 20161031105118.0
006 m||||||||d||||||||
007 cr |||||||||||
008 120405s2003 enka fo| 001|0|eng d
020 _a9781446216668 (ebook) :
_cNo price
040 _aStDuBDS
_beng
_cStDuBDS
_epn
049 _aAlfaisal Main Library
050 0 _aPE1404
_b.D96 2003
082 0 4 _a808.1071
_223
100 1 _aDymoke, Sue,
_d1962-
245 1 0 _aDrafting and assessing poetry
_h[electronic resource] :
_ba guide for teachers /
_cSue Dymoke.
260 _aLondon :
_bPaul Chapman,
_c2003.
300 _a1 online resource (xiv, 210 p.) :
_bill.
504 _aIncludes bibliographical references and index.
520 8 _aSue Dymoke's practical volume on poetry in the classroom is based on theory but with a practical dimension and combines critical commentaries with illustrations of successful classroom practice to address this under-explored aspect of English teaching.
521 _aSpecialized.
588 _aDescription based on print version record.
650 0 _aEnglish language
_xRhetoric
_xStudy and teaching.
650 0 _aPoetry
_xAuthorship
_xStudy and teaching.
650 0 _aCreative writing
_xStudy and teaching.
655 7 _aElectronic books.
_2local
710 2 _aSage eBooks
776 0 8 _iPrint version :
_z9780761948551
856 4 0 _uhttp://ezproxy.alfaisal.edu/login?url=http://sk.sagepub.com/books/drafting-and-assessing-poetry
942 _2lcc
_cEBOOKS
999 _c479552
_d479552